000 00696nam a2200241 i 4500
001 C2-0330637
003 PPAK
005 20180728131214.0
008 150510s1996 my |||| ||||| | may d
020 _a9839428004
040 _aPPAK
_beng
_cPPAK
_erda
082 0 4 _a899.231
_223
090 0 0 _a899.231
_bDJA
_dKIH
100 0 _aDjazlam Zainal,
_d1960-
_eauthor
245 1 0 _aKilir-kilir makna :
_bkumpulan puisi (1983-1993)
264 1 _aKota Bahru, Kelantan :
_bGabungan Penulis Muda Kelantan ,
_c1996
300 _avi, 54 pages ;
_c19 cm
336 _2rdacontent
_atext
337 _2rdamedia
_aunmediated
338 _2rdacarrier
_avolume
650 1 0 _aMalay poetry.
942 _ddc
_cB
999 _c129454
_d129454